00319nam a2200121Ia 4500008004100000020001800041041000800059082001600067100001800083245005500101260003200156300000900188240624s2008 xx und d a9788178794952 aeng a796.01bGAL aGALLOWAY, R W aSPORTS TRAINING ( ANATOMY & PHYSIOLOGICAL ASPECTS) aNew DelhibSPORTS PUBc2008 a219P